[Event "FIDE World Rapid-ch Open 2018"]
[White "Khusnutdinov, Rustam"]
[Black "Jakovenko, Dmitry"]
[Site "St. Petersburg"]
[Round "1.21"]
[Annotator "TA"]
[Result "1/2-1/2"]
[Date "2018.12.26"]
[WhiteElo "2470"]
[BlackElo "2735"]
[PlyCount "84"]

1. e4 {} c5 2. Nf3 d6 3. d4 cxd4 4. Qxd4 Nf6 5. Be2 Nc6 6. Qe3 {
LiveBook: 13 Games. B53: Sicilian: 2...d6: Lines with Qxd4} e6 (6... Bg4 7. 0-0 g6 8. Rd1 Bxf3 9. Bxf3 Bg7 10. c4 Qc7 11. Nc3 Ne5 12. b3 Nxf3+ 13. Qxf3 {
1-0 (33) Harikrishna,P (2732)-Navara,D (2727) Prague 2018} )7. 0-0 Qc7 $146 ({
Predecessor:} 7... Be7 8. h3 0-0 9. Rd1 Qc7 10. c4 b6 11. Nc3 a6 12. b3 Ne5 {
1-0 (65) Mohammad Fahad,R (2263)-Salinas Herrera,P (2486) Batumi 2018} )8. c4 {
White is slightly better.} Be7 9. Nc3 0-0 10. b3 a6 11. Rd1 b6 12. Ba3 Ng4 13. Qd2 ({Better is} 13. Qf4 $16 Nce5 14. Nxe5 Nxe5 15. Qd2 )Rd8 $14 14. Rac1 {Nd5! is the strong threat.} Nce5 15. Nd4 Bb7 16. f4 Nf6 17. Qe3 Ng6 18. f5 exf5 19. Nd5 Nxd5 (19... Bxd5 $16 20. cxd5 f4 )20. cxd5 $18 (20. exd5 f4 $11 )Qd7 (20... Qb8 {was necessary.} )21. Nxf5 b5 22. Bg4 {} Qe8 23. Bb2 Bf8 24. Rc7 $40 { White goes for the
king.} Bc8 25. Rf1 Ne5 (25... Rd7 $16 26. Rc6 (26. Nxg7 Bxg7 27. Bxd7 Bxd7 $14 )Rd8 )26. Qg5 Bxf5 27. Bxf5 (27. Rxf5 f6 $11 )g6 $2 (27... h6 {
might work better.} 28. Qh4 b4 29. Bxe5 Qxe5 )28. Bh3 Bg7 29. Re7 Qf8 30. Bxe5 Bxe5 31. Rfxf7 Qxf7 {[#]} 32. Be6 $1 {} (32. Rxf7 Kxf7 33. g3 Rf8 $14 )Qxe6 ({Inferior is} 32... Bd4+ 33. Kh1 $18 )33. Rxe6 Rf8 34. h3 $2 (34. Rxe5 $18 dxe5 35. d6 (35. Qxe5 Rae8 $18 ))Bf4 $1 $11 {} 35. Qh4 {Black must now prevent a4.} Be3+ 36. Kh2 {Strongly threatening Re7.} Bf4+ $1 37. g3 Be5 $1 38. Re7 {} Bg7 $2 {[#]} (38... Rf2+ $1 $11 {and Black stays safe.} 39. Kh1 (39. Kg1 Bd4 $11 )Bg7 )39. Qg4 $2 ({White must play} 39. g4 $1 $18 )Rf2+ $1 {The position is equal.} 40. Kg1 Raf8 41. Qe6+ { Double Attack} Kh8 {( -> ...Rf1+)} 42. Re8 {
And now Rxf8+ would win.} Rf1+ {Accuracy: White = 61%, Black = 50%.} 1/2-1/2

[Event "FIDE World Rapid-ch Open 2018"]
[White "Andreikin, Dmitry"]
[Black "Vaisser, Anatoli"]
[Site "St. Petersburg"]
[Round "1.22"]
[Annotator "ChessBase"]
[Result "1-0"]
[Date "2018.12.26"]
[WhiteElo "2719"]
[BlackElo "2505"]
[PlyCount "163"]
[TimeControl "900+10"]

1. e4 {[%emt 0:0:0]} e6 {[%emt 0:0:0]} 2. d4 {[%emt 0:0:0]} d5 {[%emt 0:0:0]} 3. Nd2 {[%emt 0:0:5]} c5 {[%emt 0:0:4]} 4. exd5 {[%emt 0:0:5]} exd5 {[%emt 0:0:6]} 5. Ngf3 {[%emt 0:0:4]} Nc6 {[%emt 0:0:4]} 6. Bb5 {[%emt 0:0:4]
} cxd4 {[%emt 0:0:5]} 7. Nxd4 {[%emt 0:0:26]} Bd7 {[%emt 0:0:0]} 8. N2f3 {[%emt 0:0:14]} Nf6 {[%emt 0:0:52]} 9. 0-0 {[%emt 0:0:9]} Be7 {[%emt 0:0:2]} 10. Bxc6 {[%emt 0:0:31]} bxc6 {[%emt 0:0:3]} 11. Ne5 {[%emt 0:0:3]
} Rc8 {[%emt 0:1:37]} 12. Nxd7 {[%emt 0:0:46]} Qxd7 {[%emt 0:0:0]} 13. Qf3 {[%emt 0:0:3]} 0-0 {[%emt 0:1:0]} 14. Nf5 {[%emt 0:0:2]} Bd8 {[%emt 0:3:46]} 15. b3 {[%emt 0:1:1]} g6 {[%emt 0:1:39]} 16. Nh6+ {[%emt 0:2:54]
} Kg7 {[%emt 0:0:3]} 17. Re1 {[%emt 0:0:2]} Re8 {[%emt 0:0:0]} 18. Rxe8 {[%emt 0:1:30]} Qxe8 {[%emt 0:0:18]} 19. Bb2 {[%emt 0:0:2]} Qe6 {[%emt 0:1:57]} 20. Ng4 {[%emt 0:1:21]} h5 {[%emt 0:0:1]} 21. Ne5 {[%emt 0:0:3]
} c5 {[%emt 0:0:24]} 22. Re1 {[%emt 0:0:41]} d4 {[%emt 0:0:2]
} 23. Nd3 {[%emt 0:0:3]} Qc6 {[%emt 0:0:26]} 24. Qxc6 {[%emt 0:2:2]} Rxc6 {[%emt 0:0:2]} 25. c4 {[%emt 0:0:15]} dxc3 {[%emt 0:0:23]} 26. Bxc3 {[%emt 0:0:2]
} Kg8 {[%emt 0:0:59]} 27. h3 {[%emt 0:0:46]} c4 {[%emt 0:0:9]
} 28. Ne5 {[%emt 0:0:8]} Ra6 {[%emt 0:0:1]} 29. bxc4 {[%emt 0:0:30]} Rxa2 {[%emt 0:0:2]} 30. g4 {[%emt 0:0:23]} Rc2 {[%emt 0:0:18]} 31. Ba1 {[%emt 0:0:0]} Ba5 {[%emt 0:0:40]} 32. Rd1 {[%emt 0:0:16]} Bc3 {[%emt 0:0:5]} 33. Bxc3 {[%emt 0:0:42]} Rxc3 {[%emt 0:0:1]} 34. g5 {[%emt 0:0:2]} Ne4 {[%emt 0:0:7]
} 35. h4 {[%emt 0:0:3]} f6 {[%emt 0:0:21]} 36. Rd8+ {[%emt 0:0:0]} Kg7 {[%emt 0:0:1]} 37. Rd7+ {[%emt 0:0:2]} Kg8 {[%emt 0:0:1]} 38. gxf6 {[%emt 0:0:8]} Nxf6 {[%emt 0:0:2]} 39. Rxa7 {[%emt 0:0:2]} Ng4 {[%emt 0:0:11]
} 40. Nxg4 {[%emt 0:2:12]} hxg4 {[%emt 0:0:2]} 41. Rc7 {[%emt 0:0:2]
} Kf8 {[%emt 0:0:9]} 42. Kg2 {[%emt 0:0:13]} Kg8 {[%emt 0:0:0]} 43. c5 {[%emt 0:0:14]} Kf8 {[%emt 0:0:1]} 44. c6 {[%emt 0:0:15]} Ke8 {[%emt 0:0:6]
} 45. Rc8+ {[%emt 0:0:13]} Kf7 {[%emt 0:0:8]} 46. Kf1 {[%emt 0:0:26]
} Rc2 {[%emt 0:0:1]} 47. Ke1 {[%emt 0:0:5]} Ke7 {[%emt 0:0:0]} 48. c7 {[%emt 0:0:26]} Kd7 {[%emt 0:0:1]} 49. Rg8 {[%emt 0:0:3]} Rxc7 {[%emt 0:0:21]} 50. Rxg6 {[%emt 0:0:25]} Rc4 {[%emt 0:0:1]} 51. Kf1 {[%emt 0:0:18]
} Ke7 {[%emt 0:0:4]} 52. Kg2 {[%emt 0:0:1]} Rf4 {[%emt 0:0:0]} 53. Ra6 {[%emt 0:0:48]} Kf7 {[%emt 0:0:5]} 54. Ra2 {[%emt 0:0:8]} Kg6 {[%emt 0:0:33]} 55. Kg3 {[%emt 0:0:2]} Rb4 {[%emt 0:0:3]} 56. Ra5 {[%emt 0:0:11]
} Rb3+ {[%emt 0:0:16]} 57. Kxg4 {[%emt 0:0:3]} Rb4+ {[%emt 0:0:0]} 58. f4 {[%emt 0:0:2]} Rb1 {[%emt 0:0:2]} 59. Ra6+ {[%emt 0:0:17]} Kf7 {[%emt 0:0:2]} 60. h5 {[%emt 0:0:9]} Kg7 {[%emt 0:0:1]} 61. Re6 {[%emt 0:0:10]
} Rg1+ {[%emt 0:0:10]} 62. Kf5 {[%emt 0:0:3]} Rh1 {[%emt 0:0:0]} 63. h6+ {[%emt 0:0:11]} Kh7 {[%emt 0:0:1]} 64. Ke5 {[%emt 0:0:6]} Re1+ {[%emt 0:0:9]} 65. Kd6 {[%emt 0:0:12]} Rf1 {[%emt 0:0:4]} 66. Ke5 {[%emt 0:0:16]
} Re1+ {[%emt 0:0:4]} 67. Kf6 {[%emt 0:0:7]} Rf1 {[%emt 0:0:0]} 68. f5 {[%emt 0:0:31]} Rf2 {[%emt 0:0:1]} 69. Ke5 {[%emt 0:0:15]} Re2+ {[%emt 0:0:3]} 70. Kd6 {[%emt 0:0:8]} Rf2 {[%emt 0:0:1]} 71. Ke5 {[%emt 0:0:17]
} Re2+ {[%emt 0:0:4]} 72. Kf6 {[%emt 0:0:2]} Rf2 {[%emt 0:0:0]} 73. Ra6 {[%emt 0:0:3]} Kxh6 {[%emt 0:0:15]} 74. Kf7+ {[%emt 0:0:40]} Kh7 {[%emt 0:0:21]} 75. f6 {[%emt 0:0:1]} Rb2 {[%emt 0:0:14]} 76. Re6 {[%emt 0:0:12]
} Rb7+ {[%emt 0:0:25]} 77. Kf8 {[%emt 0:0:15]} Kg6 {[%emt 0:0:0]} 78. f7+ {[%emt 0:0:4]} Kh7 {[%emt 0:0:3]} 79. Re1 {[%emt 0:0:24]} Rb8+ {[%emt 0:0:7]} 80. Ke7 {[%emt 0:0:7]} Rb7+ {[%emt 0:0:1]} 81. Kf6 {[%emt 0:0:3]
} Rb6+ {[%emt 0:0:34]} 82. Re6 {[%emt 0:0:2]} 1-0

[Event "FIDE World Rapid-ch Open 2018"]
[White "Kryakvin, Dmitry"]
[Black "Zhigalko, Sergei"]
[Site "St. Petersburg"]
[Round "1.23"]
[Annotator "ChessBase"]
[Result "1/2-1/2"]
[Date "2018.12.26"]
[WhiteElo "2588"]
[BlackElo "2604"]
[PlyCount "72"]
[TimeControl "900+10"]

1. d4 {[%emt 0:0:0]} Nf6 {[%emt 0:0:0]} 2. Bg5 {[%emt 0:0:0]} d5 {[%emt 0:0:0]
} 3. e3 {[%emt 0:0:1]} e6 {[%emt 0:1:19]} 4. Bd3 {[%emt 0:0:0]} Be7 {[%emt 0:0:3]} 5. Nd2 {[%emt 0:0:10]} b6 {[%emt 0:0:45]} 6. f4 {[%emt 0:0:34]
} Ba6 {[%emt 0:0:43]} 7. Bxa6 {[%emt 0:0:49]} Nxa6 {[%emt 0:0:0]} 8. Ngf3 {[%emt 0:0:2]} 0-0 {[%emt 0:0:43]} 9. Ne5 {[%emt 0:0:48]} Nb8 {[%emt 0:0:8]} 10. 0-0 {[%emt 0:0:37]} Nfd7 {[%emt 0:0:9]} 11. Bxe7 {[%emt 0:0:43]
} Qxe7 {[%emt 0:0:2]} 12. c4 {[%emt 0:0:9]} f6 {[%emt 0:0:0]} 13. Nd3 {[%emt 0:0:24]} c6 {[%emt 0:2:16]} 14. Rc1 {[%emt 0:0:27]} f5 {[%emt 0:0:25]
} 15. Nf3 {[%emt 0:0:50]} Nf6 {[%emt 0:0:54]} 16. Nfe5 {[%emt 0:0:44]
} Qb7 {[%emt 0:0:55]} 17. Qa4 {[%emt 0:0:39]} Rc8 {[%emt 0:0:0]} 18. Qa3 {[%emt 0:3:51]} Ne4 {[%emt 0:0:51]} 19. cxd5 {[%emt 0:1:37]} exd5 {[%emt 0:0:12]} 20. Rc2 {[%emt 0:0:1]} a5 {[%emt 0:1:10]} 21. Rfc1 {[%emt 0:0:23]
} a4 {[%emt 0:0:18]} 22. Nf2 {[%emt 0:1:9]} Nf6 {[%emt 0:0:0]} 23. Qd6 {[%emt 0:0:26]} Re8 {[%emt 0:0:1]} 24. Nxc6 {[%emt 0:2:17]} Nxc6 {[%emt 0:0:2]} 25. Rxc6 {[%emt 0:0:6]} Rxe3 {[%emt 0:0:24]} 26. Rxb6 {[%emt 0:0:46]} Rae8 {[%emt 0:0:10]} 27. h3 {[%emt 0:0:18]} Qf7 {[%emt 0:0:0]} 28. Rb8 {[%emt 0:0:20]} h6 {[%emt 0:0:8]} 29. Rxe8+ {[%emt 0:0:41]} Qxe8 {[%emt 0:0:2]} 30. Qb4 {[%emt 0:0:26]} Re2 {[%emt 0:0:10]} 31. Rf1 {[%emt 0:0:14]
} Qe3 {[%emt 0:0:19]} 32. Qb8+ {[%emt 0:0:6]} Kh7 {[%emt 0:0:0]} 33. Qe5 {[%emt 0:0:5]} Ne4 {[%emt 0:0:16]} 34. Qxf5+ {[%emt 0:0:8]} Kh8 {[%emt 0:0:3]} 35. Qc8+ {[%emt 0:0:24]} Kh7 {[%emt 0:0:1]} 36. Qf5+ {[%emt 0:0:9]
} Kh8 {[%emt 0:0:2]} 1/2-1/2

[Event "FIDE World Rapid-ch Open 2018"]
[White "Anand, Viswanathan"]
[Black "Baron, Tal"]
[Site "St. Petersburg"]
[Round "1.24"]
[Annotator "TA"]
[Result "1-0"]
[Date "2018.12.26"]
[WhiteElo "2773"]
[BlackElo "2532"]
[PlyCount "63"]

1. e4 {} c5 2. Nf3 Nc6 3. Bb5 g6 4. 0-0 Bg7 5. Nc3 d6 6. Bxc6+ bxc6 7. e5 {B31: Sicilian: 2...Nc6 3 Bb5 g6} Bg4 8. exd6 exd6 {
LiveBook: 3 Games} 9. h3 {White is slightly better.} Bxf3 10. Qxf3 Ne7 {
} 11. d3 0-0 12. Bg5 Rb8 (12... f6 13. Bf4 g5 14. Bh2 f5 {1-0 (35) Andriasian,Z (2620)-Perez Ponsa,F (2488) Kazan 2013} )13. Rae1 $146 ({Predecessor:} 13. Rab1 f6 14. Bf4 f5 {1-0 (71) Gdanski,J (2505)
-Shishkin,V (2405) Polanica Zdroj 1994} )Re8 ({Black should try} 13... f6 $11 14. Bc1 Qd7 )14. Ne4 $36 { Black must now prevent Qf4. Black is
under pressure.} Qd7 15. b3 Nd5 16. c4 Nb4 17. Re2 (17. Nf6+ {keeps more
tension.} Bxf6 18. Qxf6 Qf5 19. Qxf5 gxf5 20. Be7 )Re6 18. Rfe1 f5 $2 {
[#]} (18... Rbe8 $14 )19. Nxc5 $1 $18 {} Rxe2 (19... dxc5 20. Rxe6 )20. Nxd7 Rxe1+ 21. Kh2 Rb7 (21... Rc8 $142 22. Nf6+ Bxf6 23. Bxf6 Re6 )22. Nf6+ Kf7 23. Nxh7 Be5+ 24. g3 Kg7 $2 (24... Ra1 25. Be3 Kg8 )25. Bd2 {White is
clearly winning.} Ra1 {[#]} 26. d4 $1 {} Bxd4 27. Bc3 Kxh7 28. Bxd4 Rxa2 29. Qf4 Rd7 30. Qh4+ Kg8 31. Qf6 {Strongly threatening Qe6+.} c5 32. Qe6+ {Accuracy: White = 82%, Black = 36%.} 1-0

[Event "FIDE World Rapid-ch Open 2018"]
[White "Sjugirov, Sanan"]
[Black "Zhigalko, Andrey"]
[Site "St. Petersburg"]
[Round "1.26"]
[Annotator "ChessBase"]
[Result "1-0"]
[Date "2018.12.26"]
[WhiteElo "2663"]
[BlackElo "2545"]
[PlyCount "59"]
[TimeControl "900+10"]

1. d4 {[%emt 0:0:0]} Nf6 {[%emt 0:0:0]} 2. c4 {[%emt 0:0:0]} e6 {[%emt 0:0:0]} 3. Nc3 {[%emt 0:0:0]} Bb4 {[%emt 0:0:0]} 4. Qc2 {[%emt 0:0:2]} 0-0 {[%emt 0:0:0]} 5. a3 {[%emt 0:0:2]} Bxc3+ {[%emt 0:0:0]} 6. Qxc3 {[%emt 0:0:2]
} d6 {[%emt 0:0:3]} 7. Bg5 {[%emt 0:0:5]} Nbd7 {[%emt 0:0:0]} 8. f3 {[%emt 0:0:4]} b6 {[%emt 0:0:44]} 9. e4 {[%emt 0:1:28]} c5 {[%emt 0:0:6]
} 10. dxc5 {[%emt 0:1:26]} bxc5 {[%emt 0:0:5]} 11. Bd3 {[%emt 0:0:38]
} h6 {[%emt 0:3:57]} 12. Bh4 {[%emt 0:0:46]} Rb8 {[%emt 0:0:0]} 13. Bg3 {[%emt 0:4:45]} Rb6 {[%emt 0:3:35]} 14. Ne2 {[%emt 0:0:13]} d5 {[%emt 0:0:46]} 15. exd5 {[%emt 0:2:18]} exd5 {[%emt 0:0:3]} 16. 0-0 {[%emt 0:0:50]
} Ba6 {[%emt 0:1:2]} 17. b3 {[%emt 0:1:4]} Re8 {[%emt 0:0:0]} 18. Rfd1 {[%emt 0:0:10]} Qe7 {[%emt 0:1:45]} 19. Nf4 {[%emt 0:0:48]} dxc4 {[%emt 0:0:22]} 20. bxc4 {[%emt 0:0:9]} Qe5 {[%emt 0:1:27]} 21. Qa5 {[%emt 0:1:28]
} Qb2 {[%emt 0:0:28]} 22. Kh1 {[%emt 0:0:47]} Ne5 {[%emt 0:0:0]} 23. Rab1 {[%emt 0:0:15]} Nxc4 {[%emt 0:0:14]} 24. Rxb2 {[%emt 0:0:31]} Nxa5 {[%emt 0:0:6]} 25. Rxb6 {[%emt 0:0:2]} Bxd3 {[%emt 0:0:4]} 26. Rxf6 {[%emt 0:0:14]} Bc2 {[%emt 0:0:18]} 27. Rc1 {[%emt 0:0:21]} Rd8 {[%emt 0:0:0]} 28. Ra6 {[%emt 0:0:13]} Nb3 {[%emt 0:0:1]} 29. Re1 {[%emt 0:0:5]} c4 {[%emt 0:0:11]} 30. Rxa7 {[%emt 0:0:6]} 1-0

[Event "FIDE World Rapid-ch Open 2018"]
[White "Mikhalevski, Victor"]
[Black "Jobava, Baadur"]
[Site "St. Petersburg"]
[Round "1.27"]
[Annotator "ChessBase"]
[Result "1/2-1/2"]
[Date "2018.12.26"]
[WhiteElo "2579"]
[BlackElo "2627"]
[PlyCount "117"]
[TimeControl "900+10"]

1. d4 {[%emt 0:0:0]} Nf6 2. Nf3 e6 3. c4 Bb4+ 4. Bd2 Bxd2+ 5. Qxd2 d5 6. Nc3 0-0 7. e3 Qe7 8. Be2 Rd8 9. cxd5 exd5 10. 0-0 Nc6 11. Qc2 Bg4 12. Rac1 a6 13. a3 Na7 14. Ne5 Bxe2 15. Nxe2 c6 16. Nf4 Nb5 17. Nfd3 Nd6 18. Nc5 Nfe4 19. Rfe1 a5 20. a4 Nxc5 21. Qxc5 Qe6 22. Qc2 Re8 23. Rb1 Re7 24. b4 h5 25. bxa5 Rxa5 26. Rb4 h4 27. h3 g5 28. Reb1 Kg7 29. Qd1 Qf5 30. Qg4 Qxg4 31. hxg4 Ra7 32. Nd3 Ne4 33. Rc1 Kf8 34. Nc5 Nxc5 35. Rxc5 Ke8 36. Rc3 Kd7 37. Rcb3 Kc7 38. Kh2 Re8 39. Rb1 Rb8 40. Kh3 Ra5 41. g3 hxg3 42. Kxg3 b5 43. axb5 Raxb5 44. Rxb5 cxb5 45. Kf3 b4 46. Ke2 Kc6 47. Rc1+ Kb5 48. Rc7 f6 49. Kd3 Ra8 50. Kc2 Ra1 51. Rb7+ Kc4 52. Rc7+ Kb5 53. Rb7+ Kc6 54. Rxb4 Rf1 55. Kd3 Rxf2 56. Ra4 Kd6 57. Ra6+ Ke7 58. Ra5 Ke6 59. Ra6+ {[%emt 0:17:40] Ke5 Ke4+} 1/2-1/2

[Event "FIDE World Rapid-ch Open 2018"]
[White "Gelfand, Boris"]
[Black "Anisimov, Pavel"]
[Site "St. Petersburg"]
[Round "1.28"]
[Annotator "ChessBase"]
[Result "1-0"]
[Date "2018.12.26"]
[WhiteElo "2673"]
[BlackElo "2533"]
[PlyCount "105"]
[TimeControl "900+10"]

1. d4 {[%emt 0:0:0]} d5 {[%emt 0:0:0]} 2. c4 {[%emt 0:0:0]} dxc4 {[%emt 0:0:0]
} 3. e4 {[%emt 0:0:2]} Nf6 {[%emt 0:0:0]} 4. e5 {[%emt 0:0:0]} Nd5 {[%emt 0:0:0]} 5. Bxc4 {[%emt 0:0:1]} Bf5 {[%emt 0:0:4]} 6. Qb3 {[%emt 0:0:12]} c6 {[%emt 0:0:1]} 7. Ne2 {[%emt 0:0:19]} Qb6 {[%emt 0:0:0]} 8. Qf3 {[%emt 0:0:15]} Bxb1 {[%emt 0:0:26]} 9. Bxd5 {[%emt 0:0:3]} Qa5+ {[%emt 0:0:45]} 10. Nc3 {[%emt 0:0:3]} cxd5 {[%emt 0:0:2]} 11. Rxb1 {[%emt 0:0:2]
} e6 {[%emt 0:0:2]} 12. 0-0 {[%emt 0:0:9]} Nc6 {[%emt 0:0:0]} 13. Be3 {[%emt 0:0:33]} Rc8 {[%emt 0:0:21]} 14. a3 {[%emt 0:1:17]} Qd8 {[%emt 0:0:43]} 15. Qg4 {[%emt 0:1:30]} h5 {[%emt 0:0:21]} 16. Qd1 {[%emt 0:0:0]} Be7 {[%emt 0:0:43]} 17. Ne2 {[%emt 0:0:25]} g6 {[%emt 0:1:20]} 18. b4 {[%emt 0:0:49]} a5 {[%emt 0:1:25]} 19. b5 {[%emt 0:1:18]} Nb8 {[%emt 0:0:0]} 20. a4 {[%emt 0:0:16]} Nd7 {[%emt 0:0:9]} 21. Bd2 {[%emt 0:0:24]} Rc4 {[%emt 0:1:12]} 22. Rc1 {[%emt 0:1:29]} Rxc1 {[%emt 0:0:59]} 23. Qxc1 {[%emt 0:0:24]
} 0-0 {[%emt 0:0:17]} 24. Qc2 {[%emt 0:2:33]} Qc8 {[%emt 0:0:0]} 25. Rc1 {[%emt 0:0:13]} Qxc2 {[%emt 0:0:10]} 26. Rxc2 {[%emt 0:0:0]} Bd8 {[%emt 0:0:34]} 27. Nc1 {[%emt 0:1:36]} Bb6 {[%emt 0:0:52]} 28. Nb3 {[%emt 0:0:6]
} Ra8 {[%emt 0:0:1]} 29. Bg5 {[%emt 0:1:4]} Kf8 {[%emt 0:0:0]} 30. Kf1 {[%emt 0:0:17]} Ke8 {[%emt 0:0:9]} 31. Ke2 {[%emt 0:0:8]} Bd8 {[%emt 0:0:24]} 32. Bxd8 {[%emt 0:0:12]} Kxd8 {[%emt 0:0:6]} 33. Nc5 {[%emt 0:0:8]
} Nxc5 {[%emt 0:0:55]} 34. Rxc5 {[%emt 0:0:24]} Kd7 {[%emt 0:0:0]} 35. h4 {[%emt 0:0:28]} Rg8 {[%emt 0:1:13]} 36. g3 {[%emt 0:0:14]} Ra8 {[%emt 0:1:11]} 37. Ke3 {[%emt 0:0:40]} Rf8 {[%emt 0:0:2]} 38. f3 {[%emt 0:0:6]
} f6 {[%emt 0:0:29]} 39. exf6 {[%emt 0:1:6]} Kd6 {[%emt 0:0:0]} 40. b6 {[%emt 0:0:9]} Rxf6 {[%emt 0:0:26]} 41. Rc7 {[%emt 0:0:20]} e5 {[%emt 0:0:1]} 42. dxe5+ {[%emt 0:0:55]} Kxe5 {[%emt 0:0:1]} 43. Rxb7 {[%emt 0:0:9]
} d4+ {[%emt 0:0:11]} 44. Ke2 {[%emt 0:0:2]} Kd5 {[%emt 0:0:0]} 45. Rd7+ {[%emt 0:0:23]} Kc4 {[%emt 0:0:26]} 46. b7 {[%emt 0:0:7]} Rb6 {[%emt 0:0:3]} 47. Rc7+ {[%emt 0:0:18]} Kd5 {[%emt 0:0:15]} 48. g4 {[%emt 0:0:8]
} hxg4 {[%emt 0:0:10]} 49. fxg4 {[%emt 0:0:1]} Ke4 {[%emt 0:0:0]} 50. Re7+ {[%emt 0:0:7]} Kf4 {[%emt 0:0:3]} 51. h5 {[%emt 0:0:6]} gxh5 {[%emt 0:0:11]} 52. gxh5 {[%emt 0:0:1]} Kg5 {[%emt 0:0:14]} 53. Re5+ {[%emt 0:0:5]
} 1-0

[Event "FIDE World Rapid-ch Open 2018"]
[White "Belozerov, Andrei"]
[Black "Anton Guijarro, David"]
[Site "St. Petersburg"]
[Round "1.29"]
[Annotator "ChessBase"]
[Result "1/2-1/2"]
[Date "2018.12.26"]
[WhiteElo "2528"]
[BlackElo "2642"]
[PlyCount "56"]
[TimeControl "900+10"]

1. e4 {[%emt 0:0:0]} e5 {[%emt 0:0:0]} 2. Nf3 {[%emt 0:0:0]} Nc6 {[%emt 0:0:0]
} 3. Nc3 {[%emt 0:0:0]} Nf6 {[%emt 0:0:6]} 4. Bc4 {[%emt 0:0:0]} Bc5 {[%emt 0:1:9]} 5. d3 {[%emt 0:0:1]} 0-0 {[%emt 0:1:0]} 6. a3 {[%emt 0:0:33]} h6 {[%emt 0:0:35]} 7. Be3 {[%emt 0:0:10]} Bb6 {[%emt 0:0:0]} 8. Qd2 {[%emt 0:0:46]} d6 {[%emt 0:0:23]} 9. h3 {[%emt 0:1:58]} Nd4 {[%emt 0:0:27]
} 10. Bxd4 {[%emt 0:0:20]} exd4 {[%emt 0:0:8]} 11. Ne2 {[%emt 0:0:11]
} d5 {[%emt 0:0:51]} 12. exd5 {[%emt 0:0:4]} Nxd5 {[%emt 0:0:0]} 13. 0-0 {[%emt 0:0:15]} c5 {[%emt 0:0:29]} 14. b4 {[%emt 0:2:38]} cxb4 {[%emt 0:1:55]} 15. axb4 {[%emt 0:0:2]} Qd6 {[%emt 0:0:3]} 16. b5 {[%emt 0:1:47]
} Nc3 {[%emt 0:2:17]} 17. Nxc3 {[%emt 0:2:55]} dxc3 {[%emt 0:0:0]} 18. Qxc3 {[%emt 0:0:9]} Bxh3 {[%emt 0:0:11]} 19. Qe5 {[%emt 0:0:1]
} Qg6 {[%emt 0:0:27]} 20. Qh2 {[%emt 0:2:3]} Be6 {[%emt 0:0:5]} 21. Bxe6 {[%emt 0:0:28]
} fxe6 {[%emt 0:0:50]} 22. Qh3 {[%emt 0:0:44]} Rac8 {[%emt 0:0:0]} 23. Ne5 {[%emt 0:0:59]} Qf5 {[%emt 0:0:46]} 24. Qxf5 {[%emt 0:0:18]} Rxf5 {[%emt 0:0:6]} 25. Nc4 {[%emt 0:0:9]} Bc5 {[%emt 0:1:28]} 26. Rae1 {[%emt 0:0:21]
} Rcf8 {[%emt 0:0:2]} 27. Re2 {[%emt 0:0:20]} R8f6 {[%emt 0:0:0]} 28. Nd2 {[%emt 0:0:32]} Rf8 {[%emt 0:1:11]} 1/2-1/2

[Event "FIDE World Rapid-ch Open 2018"]
[White "Akopian, Vladimir"]
[Black "Sokolin, Leonid"]
[Site "St. Petersburg"]
[Round "1.30"]
[Annotator "ChessBase"]
[Result "1/2-1/2"]
[Date "2018.12.26"]
[WhiteElo "2650"]
[BlackElo "2508"]
[PlyCount "62"]
[TimeControl "900+10"]

1. e4 {[%emt 0:0:0]} e6 {[%emt 0:0:0]} 2. d4 {[%emt 0:0:1]} d5 {[%emt 0:0:0]} 3. Nd2 {[%emt 0:0:11]} Nf6 {[%emt 0:0:0]} 4. e5 {[%emt 0:0:3]} Nfd7 {[%emt 0:0:0]} 5. c3 {[%emt 0:0:3]} c5 {[%emt 0:0:0]} 6. Bd3 {[%emt 0:0:5]
} Nc6 {[%emt 0:0:0]} 7. Ne2 {[%emt 0:0:2]} cxd4 {[%emt 0:0:0]} 8. cxd4 {[%emt 0:0:4]} f6 {[%emt 0:0:2]} 9. exf6 Nxf6 {[%emt 0:0:1]} 10. Nf3 {[%emt 0:0:8]} Qa5+ {[%emt 0:0:13]} 11. Bd2 {[%emt 0:0:17]} Qb6 {[%emt 0:0:1]
} 12. Bc3 {[%emt 0:1:22]} Bd6 {[%emt 0:0:9]} 13. 0-0 {[%emt 0:0:0]} 0-0 {[%emt 0:0:2]} 14. Ng3 {[%emt 0:0:11]} Bd7 {[%emt 0:0:16]} 15. Ne5 {[%emt 0:0:18]} Be8 {[%emt 0:0:2]} 16. Qd2 {[%emt 0:1:45]} Bxe5 {[%emt 0:1:6]
} 17. dxe5 {[%emt 0:0:3]} Nd7 {[%emt 0:0:0]} 18. Qe2 {[%emt 0:1:11]
} d4 {[%emt 0:0:33]} 19. Bd2 {[%emt 0:0:3]} Ndxe5 {[%emt 0:0:0]} 20. Be4 {[%emt 0:1:36]} Rd8 {[%emt 0:1:31]} 21. Bxc6 {[%emt 0:0:29]} Nxc6 {[%emt 0:0:6]} 22. Qxe6+ {[%emt 0:0:3]} Bf7 {[%emt 0:0:3]} 23. Qg4 {[%emt 0:2:56]
} Qxb2 {[%emt 0:0:13]} 24. Bg5 {[%emt 0:0:57]} Rde8 {[%emt 0:0:0]} 25. Rab1 {[%emt 0:0:7]} Qxa2 {[%emt 0:0:14]} 26. Rxb7 {[%emt 0:0:0]} Qe6 {[%emt 0:2:12]} 27. Nf5 {[%emt 0:2:17]} Bg6 {[%emt 0:1:47]} 28. Rxg7+ {[%emt 0:0:6]} Kh8 {[%emt 0:0:0]} 29. Rxg6 {[%emt 0:0:26]} Qxg6 {[%emt 0:0:11]
} 30. Nh6 {[%emt 0:0:58]} Ne5 {[%emt 0:3:48]} 31. Qh4 {[%emt 0:0:0]} Qg7 {[%emt 0:1:1]} 1/2-1/2

[Event "FIDE World Rapid-ch Open 2018"]
[White "Nozdrachev, Vladislav"]
[Black "Oparin, Grigoriy"]
[Site "St. Petersburg"]
[Round "1.31"]
[Annotator "ChessBase"]
[Result "0-1"]
[Date "2018.12.26"]
[WhiteElo "2486"]
[BlackElo "2613"]
[PlyCount "78"]
[TimeControl "900+10"]

1. e4 {[%emt 0:0:0]} c6 {[%emt 0:0:0]} 2. d4 {[%emt 0:0:14]} d5 {[%emt 0:0:0]} 3. Nc3 {[%emt 0:0:1]} dxe4 4. Nxe4 {[%emt 0:0:2]} Nf6 {[%emt 0:0:0]} 5. Nxf6+ exf6 {[%emt 0:0:0]} 6. c3 {[%emt 0:0:15]} Bd6 {[%emt 0:0:4]} 7. g3 {[%emt 0:0:7]} 0-0 {[%emt 0:0:8]} 8. Bg2 {[%emt 0:0:2]} Re8+ {[%emt 0:0:3]
} 9. Ne2 {[%emt 0:0:2]} Bg4 {[%emt 0:1:5]} 10. Be3 {[%emt 0:0:0]} f5 {[%emt 0:1:33]} 11. Qd2 {[%emt 0:1:34]} Bxe2 {[%emt 0:1:55]} 12. Qxe2 {[%emt 0:0:22]} f4 {[%emt 0:0:1]} 13. gxf4 {[%emt 0:0:2]} Bxf4 {[%emt 0:0:2]
} 14. 0-0-0 {[%emt 0:0:5]} Qg5 {[%emt 0:1:15]} 15. Bxf4 {[%emt 0:0:15]
} Qxf4+ {[%emt 0:0:2]} 16. Qd2 {[%emt 0:0:1]} Qd6 {[%emt 0:0:0]} 17. d5 {[%emt 0:3:30]} c5 {[%emt 0:0:4]} 18. Bh3 {[%emt 0:0:2]} Na6 {[%emt 0:1:26]} 19. Rhg1 {[%emt 0:0:18]} Rad8 {[%emt 0:1:20]} 20. Qg5 {[%emt 0:0:24]
} g6 {[%emt 0:0:6]} 21. Qg3 {[%emt 0:0:3]} Re5 {[%emt 0:0:0]} 22. c4 {[%emt 0:0:42]} Re4 {[%emt 0:0:25]} 23. Bf1 {[%emt 0:0:36]} Qf6 {[%emt 0:0:52]} 24. Qg5 {[%emt 0:1:20]} Qxg5+ {[%emt 0:0:16]} 25. Rxg5 {[%emt 0:0:2]
} Nc7 {[%emt 0:0:1]} 26. d6 {[%emt 0:0:57]} Ne6 {[%emt 0:0:0]} 27. Rgd5 {[%emt 0:0:1]} b6 {[%emt 0:0:14]} 28. a3 {[%emt 0:0:5]} Nd4 {[%emt 0:1:24]} 29. b4 {[%emt 0:0:18]} Re6 {[%emt 0:0:1]} 30. R1xd4 {[%emt 0:0:2]
} cxd4 {[%emt 0:0:3]} 31. c5 {[%emt 0:0:10]} bxc5 {[%emt 0:0:0]} 32. bxc5 {[%emt 0:0:2]} Re1+ {[%emt 0:0:29]} 33. Kd2 {[%emt 0:0:2]} Rxf1 {[%emt 0:0:1]} 34. c6 {[%emt 0:0:1]} Rxf2+ {[%emt 0:0:8]} 35. Kd3 {[%emt 0:0:48]
} Rf3+ {[%emt 0:1:42]} 36. Kxd4 {[%emt 0:0:3]} Rf1 {[%emt 0:0:0]} 37. c7 {[%emt 0:0:25]} Rd1+ {[%emt 0:0:1]} 38. Kc5 {[%emt 0:0:45]} Rc1+ {[%emt 0:0:3]} 39. Kb5 {[%emt 0:0:2]} Rxd6 {[%emt 0:0:3]} 0-1